Superpesis-joukkueet - Äkkikuolema - Statistics

Yleistilastot
  • Tätä visaa on pelattu 102 kertaa
  • Keskiarvotulos 10 / 21
Answers on the Grid
Answers color-coded by a green-red scale on the quiz's grid according to % correct below.
Alajärven Ankkurit
Fera
Haminan Palloilijat
Hyvinkään Tahko
Ikaalisten Tarmo
Imatran Pallo-Veikot
Janakkalan Jana
Joensuun Maila
Jokilaakson Pesäkuula
Jyväskylän Kiri
Jyväskylän Lohi
Kajaanin Pallokerho
Kankaanpään Maila
Kannuksen Ura
Kempeleen Kiri
Kirittäret
Kiteen Pallo
Koskenkorvan Urheilijat
Kouvolan Pallonlyöjät
Kuusankosken Puhti
Laitilan Jyske
Lappajärven Veikot
Lapuan Virkiä
Mailattaret
Manse PP
Oulun Lippo
Pattijoen Urheilijat
Pesä Ysit
Porin Pesäkarhut
Puijon Pesis
Puna-Mustat
Pöytyän Urheilijat
Roihuttaret
Seinäjoen Maila-Jussit
Siilinjärven Pesis
Simon Kiri
Sotkamon Jymy
Viinijärven Urheilijat
Vimpelin Veto
Ylivieskan Kuula
 
Vastaustilastot
Vastaus % Oikein
Hyvinkään Tahko
75%
Joensuun Maila
67%
Imatran Pallo-Veikot
63%
Alajärven Ankkurit
60%
Sotkamon Jymy
60%
Manse PP
56%
Kiteen Pallo
54%
Fera
48%
Haminan Palloilijat
48%
Vimpelin Veto
48%
Kouvolan Pallonlyöjät
46%
Seinäjoen Maila-Jussit
46%
Kempeleen Kiri
44%
Kirittäret
44%
Porin Pesäkarhut
44%
Lapuan Virkiä
38%
Roihuttaret
38%
Mailattaret
35%
Pattijoen Urheilijat
35%
Laitilan Jyske
25%
Pöytyän Urheilijat
25%
Ehtoja vastaavia visoja ei löytynyt
Tulosjakauma
Jokaisen tuloksen saaneiden osuus
Persentiili vastausten määrän mukaan
Tuloshistoriasi
Et ole pelannut tätä visaa